Visualizzazione normale
Vista MARC
- Redeghiere Mara
di Personal Name
Records bibliografici associati: 1
001 - CONTROL NUMBER
- control field: 29005
003 - CONTROL NUMBER IDENTIFIER
- control field: IT-RoPau
005 - DATE AND TIME OF LATEST TRANSACTION
- control field: 20140612122355.0
008 - FIXED-LENGTH DATA ELEMENTS
- fixed length control field: 140612|| aca||aabn | a|a d
040 ## - CATALOGING SOURCE
- Original cataloging agency: IT-RoPau
- Transcribing agency: IT-RoPau
100 ## - HEADING--PERSONAL NAME
- Personal name: Redeghiere Mara
- Dates associated with a name: Codice autore testo/musica SPICS: 38378
- Relator term: Autore testo/musica
- Name of part/section of a work: Ustmamò - Amminramp
670 ## - SOURCE DATA FOUND
- Source citation: Work cat.: (IT-RoPau)99195: AA.VV. 794, Maciste contro tutti